000
00344cam a2200145ua 4500
041
_a
eng
_h
082
_a
828.09
_b
MUL/SH
100
_a
Mullik B R, .
245
_a
Shakespearies Cymbeline /
_c
Mullik.
_h
Textual Documents
260
_a
Delhi :
_b
S chand & co ,
_c
1962.
300
_a
37 ; .
504
_a
942
_c
BK
999
_c
2764
_d
2764